Statistics for Pokémon that Start with V

Click here to take the quiz!

General Stats

  • This quiz has been taken 829 times
    (715 since last reset)
  • The average score is 14 of 23

Answer Stats

GenAnswer% Correct
IVenomoth
76%
IVulpix
75%
IVenonat
75%
IVictreebel
72%
IVaporeon
71%
VVictini
67%
IVenusaur
66%
IVoltorb
66%
VVanilluxe
62%
VVanillite
62%
VVanillish
61%
VVolcarona
61%
VVullaby
60%
IVileplume
60%
IIIVolbeat
58%
IVVespiquen
56%
VVenipede
53%
VIVolcanion
52%
VIVivillon
50%
VVirizion
49%
IIIVibrava
48%
VIIVikavolt
44%
IIIVigoroth
42%

Score Distribution

Percentile by Number Answered

Percent of People with Each Score

Your Score History

You have not taken this quiz since the last reset